Statistics for Objects by Picture - E

Click here to take the quiz!

General Stats

  • This quiz has been taken 88 times
  • The average score is 13 of 15

Answer Stats

Answer % Correct
Eye
100%
Elephant
100%
Eagle
99%
Earth
99%
Eraser
97%
Envelope
97%
Egg
97%
Eggplant
94%
Emerald
90%
Eyebrow
90%
Ears
85%
Elk
82%
Elevator
80%
Elbow
78%
Earmuffs
44%

Score Distribution

Percentile by Number Answered

Percent of People with Each Score

Your Score History

You have not taken this quiz